Torschützenliste Fußball-Europameisterschaft 2016 - Statistiken

Allgemein
  • Dieses Quiz wurde 62 mal gespielt
  • Das Durchschnittsergebnis liegt bei 9 aus 19
Antwortstatistiken
Tore Mannschaft Spieler % Korrekt
6 Frankreich Antoine Griezmann
100%
3 Wales Gareth Bale
98%
3 Portugal Cristiano Ronaldo
96%
3 Frankreich Olivier Giroud
95%
2 Belgien Romelu Lukaku
91%
3 Spanien Álvaro Morata
64%
2 Deutschland Mario Gómez
64%
3 Portugal Nani
60%
3 Frankreich Dimitri Payet
53%
2 Kroatien Ivan Perišić
38%
2 Wales Hal Robson-Kanu
25%
2 Italien Graziano Pellè
16%
2 Island Kolbeinn Sigþórsson
11%
2 Belgien Radja Nainggolan
11%
2 Island Birkir Bjarnason
9%
2 Polen Jakub Błaszczykowski
9%
2 Irland Robbie Brady
9%
2 Ungarn Balázs Dzsudzsák
7%
2 Rumänien Bogdan Stancu
5%
Keine übereinstimmenden Quizze gefunden
Verteilung der Resultate
Anzahl Personen mit jedem Resultat
Perzentil nach korrekt beantworteten Fragen
Ihre Resultats-Entwicklung
Sie haben dieses Quiz noch nicht gespielt